[Event "ICS rated bullet match"]
[Site "204.178.125.65"]
[Date "2001.07.11"]
[Round "?"]
[White "Baffler"]
[Black "Hossa"]
[Result "1/2-1/2"]
[WhiteElo "2014"]
[BlackElo "2588"]
[PlyCount "116"]
[EventDate "2001.??.??"]

1. e4 d6 2. d4 Nf6 3. Nc3 g6 4. Bc4 Nxe4 5. Bxf7+ Kxf7 6. Nxe4 Kg8 7. Nf3 d5 8.
Ng3 Nc6 9. O-O Bg4 10. h3 Bxf3 11. Qxf3 Nxd4 12. Qd3 e5 13. Rd1 c5 14. c3 c4
15. Qd2 Nc6 16. Qxd5+ Qxd5 17. Rxd5 Rd8 18. Rxd8 Nxd8 19. Bg5 Nc6 20. Ne4 h6
21. Bf6 Bg7 22. Rd1 Bxf6 23. Nxf6+ Kf7 24. Ne4 Ke7 25. f3 Rd8 26. Rxd8 Nxd8 27.
Kf2 Nf7 28. Ke3 Nd6 29. Nxd6 Kxd6 30. Ke4 b5 31. g4 Ke6 32. h4 g5 33. h5 a5 34.
Ke3 Kd5 35. Ke2 b4 36. Ke3 bxc3 37. bxc3 a4 38. a3 Kd6 39. Ke2 Kc5 40. Ke3 Kd5
41. Ke2 Kc6 42. Ke3 Kd7 43. Ke4 Ke6 44. Ke3 Ke7 45. Ke2 Kd7 46. Ke3 Kd6 47. Ke4
Kc6 48. Ke3 Kd7 49. Ke4 Ke6 50. Ke3 Ke7 51. Ke4 Ke6 52. Ke3 Ke7 53. Ke4 Ke6 54.
Ke3 Ke7 55. Ke4 Ke6 56. Ke3 Ke7 57. Ke4 Ke6 58. Ke3 Ke7 {
Game drawn by repetition} 1/2-1/2

[Event "ICS rated bullet match"]
[Site "204.178.125.65"]
[Date "2001.07.11"]
[Round "?"]
[White "Hossa"]
[Black "Baffler"]
[Result "1-0"]
[WhiteElo "2573"]
[BlackElo "2029"]
[PlyCount "63"]
[EventDate "2001.??.??"]

1. d4 Nf6 2. Bg5 Ne4 3. h4 d5 4. Nd2 Bf5 5. Nxe4 Bxe4 6. Bf4 h6 7. f3 Bg6 8.
Qd2 e6 9. h5 Bh7 10. O-O-O Bd6 11. Bxd6 Qxd6 12. Rh4 Nd7 13. e4 c5 14. Rg4 g5
15. hxg6 Bxg6 16. Bb5 O-O-O 17. Qc3 Kb8 18. exd5 cxd4 19. Rgxd4 e5 20. R4d2 Nf6
21. Kb1 a6 22. Ba4 Ka7 23. Qe3+ Kb8 24. Ne2 e4 25. Rd4 exf3 26. Qxf3 Nd7 27.
Bxd7 Rxd7 28. Rc4 Re7 29. Nf4 Rhe8 30. Qf2 Re4 31. Rxe4 Rxe4 32. g3 {
Baffler resigns} 1-0

[Event "ICS rated standard match"]
[Site "204.178.125.65"]
[Date "2001.07.11"]
[Round "?"]
[White "Tinker"]
[Black "Hossa"]
[Result "0-1"]
[WhiteElo "2282"]
[BlackElo "2311"]
[PlyCount "134"]
[EventDate "2001.??.??"]

1. e4 d6 2. d4 Nf6 3. Nc3 g6 4. f4 Bg7 5. Nf3 O-O 6. Bd3 Nc6 7. O-O Bg4 8. e5
dxe5 9. dxe5 Nd5 10. h3 Nxc3 11. bxc3 Be6 12. Ng5 Bd7 13. Qf3 Qe8 14. Qg3 h6
15. Ne4 Rd8 16. Be3 a5 17. Qf2 b6 18. Rfd1 f5 19. Bc4+ e6 20. Nd2 Qf7 21. Be2
Ne7 22. c4 g5 23. Rab1 gxf4 24. Bxf4 Ba4 25. Rb2 Nc6 26. Nf3 Rxd1+ 27. Bxd1 Rd8
28. Rb1 Qf8 29. Qe3 Qc5 30. Qxc5 bxc5 31. a3 Nd4 32. Ne1 Kh7 33. Bg3 Rd7 34.
Rc1 Bf8 35. Bf2 Be7 36. c3 Bxd1 37. cxd4 Bh5 38. dxc5 Bg5 39. Rb1 Be2 40. c6
Rg7 41. Rb5 a4 42. Rb4 Bd1 43. Nd3 Bd2 44. Rb2 Bc3 45. Rb5 Bf3 46. Nf4 Bxc6 47.
Rc5 Be4 48. g3 Re7 49. Nh5 Bf3 50. Nf4 c6 51. Be3 Be1 52. g4 fxg4 53. hxg4 Rb7
54. Bf2 Bd2 55. Nxe6 Rb3 56. Kh2 Rxa3 57. Nf8+ Kg7 58. Ne6+ Kg8 59. Nd4 Bf4+
60. Bg3 Be3 61. Rxc6 Bxd4 62. Rxh6 Ra1 63. Bf4 Rh1+ 64. Kg3 Rxh6 65. Bxh6 Bxe5+
66. Kxf3 a3 67. Be3 a2 {Tinker resigns} 0-1

[Event "ICS rated standard match"]
[Site "204.178.125.65"]
[Date "2001.07.11"]
[Round "?"]
[White "Endon"]
[Black "Hossa"]
[Result "0-1"]
[WhiteElo "2224"]
[BlackElo "2326"]
[PlyCount "32"]
[EventDate "2001.??.??"]

1. e4 e5 2. Nf3 Nf6 3. d4 exd4 4. e5 Ne4 5. Qxd4 d5 6. exd6 Nxd6 7. Bf4 Nc6 8.
Qd2 Qe7+ 9. Be2 Ne4 10. Qe3 Qb4+ 11. Nfd2 f5 12. Bh5+ g6 13. Bf3 Bc5 14. Qb3
Nd4 15. Qxb4 Nxc2+ 16. Ke2 Bxb4 {Endon resigns} 0-1

[Event "ICS rated standard match"]
[Site "204.178.125.65"]
[Date "2001.07.11"]
[Round "?"]
[White "Hossa"]
[Black "Endon"]
[Result "0-1"]
[WhiteElo "2337"]
[BlackElo "2213"]
[PlyCount "119"]
[EventDate "2001.??.??"]

1. d4 Nf6 2. Bg5 d5 3. Bxf6 exf6 4. e3 Be6 5. Nd2 c6 6. Ngf3 Bd6 7. Bd3 f5 8.
O-O Nd7 9. c4 g6 10. Qb3 Qc7 11. cxd5 cxd5 12. Rfc1 Qb6 13. Qxb6 Nxb6 14. a4
Nd7 15. Rc3 O-O 16. Rac1 Nf6 17. Rb3 Rab8 18. Bc2 Ne4 19. Rd3 Rbc8 20. Nb3 f6
21. Na1 Rc7 22. Ne1 Rfc8 23. f3 Ng5 24. Rdd1 f4 25. h4 Nf7 26. e4 dxe4 27. fxe4
f3 28. Rd3 fxg2 29. Nxg2 Bd7 30. a5 Ba4 31. b3 Bb5 32. Rf3 Ba3 33. Rb1 Rxc2 34.
Nxc2 Rxc2 35. Rxf6 Bb2 36. Rxb2 Rxb2 37. Nf4 Rxb3 38. Ne6 Ra3 39. d5 Rxa5 40.
Rf4 Ra2 41. Rf3 Bc4 42. h5 Re2 43. Ra3 a6 44. hxg6 hxg6 45. Nc5 Nd6 46. Rc3 b6
47. Nd7 b5 48. Rg3 Kg7 49. Ne5 Kf6 50. Nd7+ Ke7 51. Nb6 Rxe4 52. Rxg6 b4 53.
Rg3 a5 54. Rh3 Ba2 55. Kf2 b3 56. Rh7+ Kf6 57. Nd7+ Kg5 58. Nc5 b2 59. Rh1 Rc4
60. Rg1+ {Hossa resigns} 0-1

[Event "ICS Rated standard match"]
[Site "204.178.125.65"]
[Date "2001.07.11"]
[Round "?"]
[White "BrazilianMaster"]
[Black "Hossa"]
[Result "0-1"]
[WhiteElo "2709"]
[BlackElo "2316"]
[PlyCount "88"]
[EventDate "2001.??.??"]

1. d4 Nf6 2. c4 e6 3. Nf3 d5 4. Nc3 Nbd7 5. Bg5 c6 6. e3 Qa5 7. Nd2 Bb4 8. Qc2
O-O 9. Bxf6 Nxf6 10. Be2 e5 11. dxe5 Ne4 12. cxd5 Nxc3 13. bxc3 Bxc3 14. Rc1
Bb4 15. dxc6 Bf5 16. Qb2 Rad8 17. Rd1 Rxd2 18. Rxd2 bxc6 19. O-O Bxd2 20. Qb7
Be4 21. Bf3 Bxf3 22. gxf3 Qxa2 23. Qxc6 a5 24. f4 Qe6 25. Qc2 Qg6+ 26. Qxg6
hxg6 27. Ra1 Ra8 28. Ra4 Bb4 29. Kf1 Kf8 30. Ke2 Ke7 31. Kf3 Ke6 32. h4 Kd5 33.
Kg4 Kc4 34. f5 gxf5+ 35. Kxf5 Kb3 36. Ra1 a4 37. Rb1+ Kc3 38. Rg1 a3 39. Rxg7
a2 40. Rg1 Be7 41. h5 a1=Q 42. Rxa1 Rxa1 43. h6 Ra6 44. h7 Rh6 {
BrazilianMaster resigns} 0-1

[Event "ICS rated standard match"]
[Site "204.178.125.65"]
[Date "2001.07.11"]
[Round "?"]
[White "monsoon"]
[Black "Hossa"]
[Result "0-1"]
[WhiteElo "2403"]
[BlackElo "2345"]
[PlyCount "121"]
[EventDate "2001.??.??"]

1. d4 Nf6 2. c4 g6 3. Nc3 Bg7 4. e4 O-O 5. f3 d6 6. Be3 Bd7 7. Qb3 b6 8. e5 Ne8
9. f4 c5 10. dxc5 bxc5 11. Nf3 Nc6 12. Be2 Rb8 13. Qa3 Nb4 14. Rc1 Bf5 15. Qa4
a6 16. O-O Nc2 17. Rxc2 Rb4 18. Qxa6 Bxc2 19. b3 Rb8 20. Rc1 Bf5 21. Rd1 Bd7
22. Qa3 Ra8 23. Qb2 Qa5 24. Nd5 e6 25. Ne7+ Kh8 26. a4 Qd8 27. Qc1 Qxe7 28.
exd6 Qd8 29. Bxc5 Nf6 30. Bd4 Rb8 31. c5 Rxb3 32. c6 Bxc6 33. Qxc6 Nd5 34. Ne5
Nxf4 35. Bb5 Kg8 36. d7 Qg5 37. Kh1 Rd8 38. Nxf7 Kxf7 39. Bb6 Bf6 40. Rf1 Kg7
41. Bc7 Rb4 42. Qf3 Qd5 43. Bxd8 Bxd8 44. Qc3+ Kg8 45. Qc2 Qe4 46. Qxe4 Rxe4
47. Rc1 Nd5 48. Rf1 Nc3 49. Bc6 Rd4 50. a5 Rd6 51. Bb7 Bxa5 52. Bc8 Rd2 53. g3
e5 54. Rf6 e4 55. Re6 Kf7 56. Re8 h6 57. g4 Bb6 58. Ba6 Rxd7 59. Rc8 Rd1+ 60.
Kg2 Rg1+ 61. Kh3 {monsoon resigns} 0-1

[Event "ICS rated standard match"]
[Site "204.178.125.65"]
[Date "2001.07.11"]
[Round "?"]
[White "Hossa"]
[Black "monsoon"]
[Result "1/2-1/2"]
[WhiteElo "2364"]
[BlackElo "2384"]
[PlyCount "101"]
[EventDate "2001.??.??"]

1. d4 Nf6 2. c4 e6 3. Nc3 Bb4 4. e3 O-O 5. Bd3 c5 6. Nf3 d5 7. O-O dxc4 8. Bxc4
Nbd7 9. a3 cxd4 10. axb4 dxc3 11. bxc3 Qc7 12. Qb3 Ne4 13. Ra3 Ne5 14. Nxe5
Qxe5 15. Bd3 b5 16. Qc2 Bb7 17. Ra5 a6 18. c4 f5 19. cxb5 axb5 20. Rxb5 Bd5 21.
Bb2 Qd6 22. Rc1 Qd8 23. f3 Nd6 24. Rc5 Qh4 25. b5 Rf7 26. Be5 Rd7 27. Qe2 Nf7
28. Rc8+ Rd8 29. Rxd8+ Qxd8 30. Bb2 Ra2 31. Bb1 Ra8 32. e4 fxe4 33. fxe4 Ba2
34. Bd3 e5 35. Rf1 Be6 36. Qe3 Ra2 37. Rf2 Qd6 38. g3 Kh8 39. Bf1 Nh6 40. Rd2
Qe7 41. Qc3 Nf7 42. b6 Ng5 43. Bg2 Bg8 44. Qc8 Qb4 45. b7 Qxd2 46. b8=Q Qe1+
47. Bf1 Qe3+ 48. Kh1 Qf3+ 49. Kg1 Qe3+ 50. Kh1 Qf3+ 51. Kg1 {
Game drawn by mutual agreement} 1/2-1/2

[Event "ICS rated blitz match"]
[Site "204.178.125.65"]
[Date "2001.07.11"]
[Round "?"]
[White "Hossa"]
[Black "perucho"]
[Result "0-1"]
[WhiteElo "2611"]
[BlackElo "2828"]
[PlyCount "113"]
[EventDate "2001.??.??"]

1. d4 e6 2. Nf3 c5 3. Nc3 Nf6 4. d5 Qa5 5. Bd2 d6 6. dxe6 Bxe6 7. e4 h6 8. Be2
Nc6 9. O-O Qb6 10. Qc1 Nd4 11. Bd1 Be7 12. a4 O-O 13. Be3 Nc6 14. Bf4 Rad8 15.
Re1 d5 16. Nb5 Rd7 17. Nd2 d4 18. Be2 Qd8 19. Bg3 a6 20. Na3 Ng4 21. Nac4 b5
22. axb5 axb5 23. Na3 b4 24. Nac4 Bh4 25. Bxg4 Bxg4 26. Bxh4 Qxh4 27. Nb3 Qh5
28. Ra6 Ne5 29. Nxe5 Qxe5 30. Qd2 Be6 31. f4 Qc7 32. Nc1 Bc4 33. Ra1 Rdd8 34.
Nd3 Ra8 35. Ne5 Bb5 36. Qf2 Rfe8 37. Qf3 c4 38. Rxa8 Rxa8 39. Rd1 f6 40. Ng4
Qc5 41. Kh1 Ra2 42. Qg3 Kh8 43. Qh4 Ba4 44. Nxh6 Bxc2 45. Nf5+ Kg8 46. Qh5 Qf8
47. Qg6 Ra7 48. Rc1 c3 49. b3 d3 50. Rg1 d2 51. Ne3 Qd8 52. Qg4 Bxb3 53. Qe2
Qd4 54. e5 c2 55. Nxc2 Bxc2 56. exf6 Qxg1+ 57. Kxg1 {Hossa resigns} 0-1

[Event "ICS rated blitz match"]
[Site "204.178.125.65"]
[Date "2001.07.11"]
[Round "?"]
[White "perucho"]
[Black "Hossa"]
[Result "1-0"]
[WhiteElo "2835"]
[BlackElo "2604"]
[PlyCount "78"]
[EventDate "2001.??.??"]

1. c4 Nf6 2. Nf3 c6 3. g3 d5 4. Bg2 dxc4 5. Na3 b5 6. Ne5 Nd5 7. d3 cxd3 8.
Qxd3 e6 9. e4 Qd6 10. O-O Qxe5 11. exd5 exd5 12. Nxb5 Ba6 13. Bf4 Bxb5 14. Qxb5
cxb5 15. Bxe5 Nd7 16. Rae1 Nxe5 17. Rxe5+ Kd7 18. Rxd5+ Ke6 19. Rc1 Rb8 20.
Rc6+ Ke7 21. Ra6 f6 22. Rxa7+ Ke6 23. Rd1 Kf5 24. Bf1 Ke5 25. Bh3 f5 26. f4+
Ke6 27. Ra6+ Kf7 28. Bxf5 Bc5+ 29. Kf1 Rhd8 30. Rc1 Bd4 31. Bxh7 Bxb2 32. Rc7+
Ke8 33. Re6+ Kf8 34. Ree7 Rd2 35. Rf7+ Ke8 36. Bg6 Kd8 37. Ra7 Ba3 38. Rxg7 Bf8
39. Rg8 Rd7 {Hossa resigns} 1-0

[Event "ICS Rated blitz match"]
[Site "204.178.125.65"]
[Date "2001.07.11"]
[Round "?"]
[White "Hossa"]
[Black "perucho"]
[Result "0-1"]
[WhiteElo "2597"]
[BlackElo "2842"]
[PlyCount "107"]
[EventDate "2001.??.??"]

1. e4 c5 2. Nf3 e6 3. d4 cxd4 4. Nxd4 Nc6 5. Nc3 a6 6. Be3 Qc7 7. Be2 Nf6 8.
O-O Bb4 9. Nxc6 bxc6 10. Na4 Rb8 11. Bd3 d5 12. exd5 cxd5 13. Bg5 Bd7 14. c3
Bd6 15. g3 Ne4 16. Bxe4 dxe4 17. Qd4 O-O 18. Rfd1 Bxa4 19. Qxa4 Rxb2 20. Qxe4
Be5 21. c4 Rb4 22. Rac1 Rc8 23. Bd2 Ra4 24. Rc2 h6 25. Re1 Bd6 26. Qd3 Bc5 27.
Rb1 Qc6 28. Be1 h5 29. Rbc1 h4 30. gxh4 Ba3 31. Ra1 Be7 32. Rac1 Bxh4 33. Bd2
Be7 34. Qe3 Ba3 35. Rb1 Bc5 36. Qd3 Bf8 37. Rbc1 Ba3 38. Re1 Be7 39. Re4 Ra3
40. Qe2 Rb8 41. Rg4 Bc5 42. Qe5 Bxf2+ 43. Kxf2 Qf3+ 44. Ke1 Rb1+ 45. Rc1 Qxg4
46. Rxb1 Qg1+ 47. Ke2 Qxb1 48. Qd4 Rh3 49. Qd8+ Kh7 50. Qd6 Qe4+ 51. Kd1 Rf3
52. Be1 Rd3+ 53. Qxd3 Qxd3+ 54. Bd2 {Hossa resigns} 0-1

[Event "ICS Rated blitz match"]
[Site "204.178.125.65"]
[Date "2001.07.11"]
[Round "?"]
[White "perucho"]
[Black "Hossa"]
[Result "1-0"]
[WhiteElo "2848"]
[BlackElo "2591"]
[PlyCount "78"]
[EventDate "2001.??.??"]

1. e4 e5 2. f4 exf4 3. Nf3 d6 4. d4 g5 5. h4 g4 6. Ng1 Bh6 7. Nc3 c6 8. Nge2
Qf6 9. g3 f3 10. Nf4 Qe7 11. Bd3 Bd7 12. O-O Bg7 13. d5 Kd8 14. dxc6 bxc6 15.
Be3 Kc8 16. Qd2 h5 17. Bc4 Nf6 18. Bd4 Rd8 19. Rae1 Be6 20. Qd3 Bxc4 21. Qxc4
Ne8 22. Bxg7 Nxg7 23. e5 Qc7 24. Nxh5 Nxh5 25. Qxg4+ Nd7 26. Rxf3 Qb6+ 27. Kg2
Ng7 28. Qxg7 Nxe5 29. Rf2 Qa5 30. Ree2 Rb8 31. Ne4 Qd5 32. c4 Nxc4 33. Rxf7
Ne3+ 34. Kh2 Qa5 35. Rxe3 Rb5 36. Nxd6+ Rxd6 37. Re8+ Rd8 38. Qf6 Qc7 39. Rxd8+
Kb7 {Hossa resigns} 1-0

[Event "ICS rated blitz match"]
[Site "204.178.125.65"]
[Date "2001.07.11"]
[Round "?"]
[White "Hossa"]
[Black "monsoon"]
[Result "1/2-1/2"]
[WhiteElo "2585"]
[BlackElo "2591"]
[PlyCount "191"]
[EventDate "2001.??.??"]

1. e4 c5 2. Nf3 Nc6 3. d4 cxd4 4. Nxd4 Nf6 5. Nc3 e5 6. Ndb5 d6 7. Bg5 a6 8.
Na3 b5 9. Bxf6 gxf6 10. Nd5 Bg7 11. c3 f5 12. exf5 Bxf5 13. Nc2 O-O 14. Nce3
Be6 15. Bd3 f5 16. Qh5 e4 17. Bc2 Ne7 18. Nf4 Bf7 19. Bb3 Bxb3 20. axb3 Qd7 21.
O-O b4 22. Ned5 bxc3 23. bxc3 Nxd5 24. Nxd5 Qb7 25. Rfd1 Kh8 26. b4 Qc6 27. Ra3
f4 28. Qe2 f3 29. Qxe4 fxg2 30. Kxg2 Rfe8 31. Qd3 Rg8 32. Kh1 Qb7 33. Rg1 Ra7
34. f4 Rc8 35. Rg4 a5 36. Rh4 h6 37. f5 Rf8 38. Rxa5 Rxa5 39. bxa5 Qb2 40. Nf4
Re8 41. Ne6 Qa1+ 42. Kg2 Qa2+ 43. Kg1 Rg8 44. Kf1 Qxa5 45. f6 Qa1+ 46. Kf2 Qa2+
47. Qe2 Qa7+ 48. Qe3 Qa2+ 49. Kf3 Qd5+ 50. Qe4 Qd1+ 51. Qe2 Qh1+ 52. Kf4 Qc1+
53. Kf5 Rf8 54. Nxf8 Qg5+ 55. Ke6 Qxf6+ 56. Kd7 Bxf8 57. Rg4 Qf7+ 58. Kc6 Qf5
59. Rg3 Qc8+ 60. Kb5 Bg7 61. Qh5 Qd7+ 62. Kb4 d5 63. Kc5 Qc7+ 64. Kb5 Qd7+ 65.
Kb4 Qb7+ 66. Ka3 Qa7+ 67. Kb3 Qb6+ 68. Kc2 Qf2+ 69. Kb1 Qe1+ 70. Kb2 d4 71.
cxd4 Qb4+ 72. Kc2 Qa4+ 73. Kb1 Qb4+ 74. Kc1 Qc4+ 75. Kd2 Qxd4+ 76. Ke2 Qe4+ 77.
Kf1 Qh1+ 78. Rg1 Qe4 79. Qf7 Qd3+ 80. Kg2 Qd4 81. h3 Be5 82. Qb7 Qd2+ 83. Kf3
Qd3+ 84. Kg4 Qg6+ 85. Kf3 Qxg1 86. Qc8+ Kg7 87. Qg4+ Qxg4+ 88. hxg4 Bd6 89. Kg2
Bc7 90. Kh1 Bb8 91. Kg2 Ba7 92. Kh2 Bb8+ 93. Kg2 Ba7 94. Kh2 Bb8+ 95. Kg2 Ba7
96. Kh2 {Game drawn by repetition} 1/2-1/2

[Event "ICS rated blitz match"]
[Site "204.178.125.65"]
[Date "2001.07.11"]
[Round "?"]
[White "PostModernist"]
[Black "Hossa"]
[Result "1-0"]
[WhiteElo "2683"]
[BlackElo "2585"]
[PlyCount "106"]
[EventDate "2001.??.??"]

1. d4 Nf6 2. c4 g6 3. Nc3 Bg7 4. Nf3 d5 5. Qb3 dxc4 6. Qxc4 O-O 7. e4 a6 8. Qb3
b6 9. e5 Be6 10. Bc4 Bxc4 11. Qxc4 b5 12. Qb3 Ne8 13. Bg5 c6 14. O-O Nc7 15.
Rfc1 h6 16. Bd2 e6 17. Ne4 a5 18. Qd1 Nd5 19. Nd6 Qd7 20. a4 b4 21. Qe2 Rd8 22.
Qe4 Ra7 23. Qh4 Qe7 24. Qh3 Qf8 25. Rc5 Rdd7 26. Nc4 Rdc7 27. b3 Na6 28. Rxa5
Rd7 29. Rc1 Ne7 30. Qh4 Nf5 31. Qe4 Ne7 32. Qf4 Nd5 33. Qh4 Qe7 34. Qxe7 Rxe7
35. Ne3 Rec7 36. Nxd5 exd5 37. h4 Kf8 38. Ne1 Kg8 39. Bf4 Kh7 40. Nd3 Bf8 41.
e6 Rc8 42. exf7 Raa8 43. Re1 g5 44. Bh2 Ra7 45. Re8 Rca8 46. Ne5 Kg7 47. hxg5
hxg5 48. Nxc6 Kxf7 49. Re1 Kf6 50. Nxa7 Rxa7 51. Rxd5 Ra8 52. g4 Kg6 53. Rd7
Kf6 {Hossa resigns} 1-0

[Event "ICS rated blitz match"]
[Site "204.178.125.65"]
[Date "2001.07.11"]
[Round "?"]
[White "Hossa"]
[Black "PostModernist"]
[Result "0-1"]
[WhiteElo "2573"]
[BlackElo "2695"]
[PlyCount "140"]
[EventDate "2001.??.??"]

1. e4 c5 2. Nf3 e6 3. d4 cxd4 4. Nxd4 Nf6 5. Nc3 d6 6. f4 Nbd7 7. f5 e5 8. Nb3
Be7 9. Be3 O-O 10. Qf3 a5 11. O-O-O a4 12. Nd2 a3 13. b3 Qc7 14. Bc4 Qa5 15.
Ndb1 Nb6 16. Be2 Bd7 17. Qf2 Nc8 18. g4 Bc6 19. Qg2 Qb4 20. Bf3 Bd8 21. g5 Ne8
22. Nd5 Bxd5 23. Rxd5 Ne7 24. Rd3 Nc6 25. Nc3 Rc8 26. Nd5 Qb5 27. Kb1 f6 28. c4
Qa6 29. gxf6 Bxf6 30. Bh5 Ne7 31. Nxe7+ Bxe7 32. Rg1 Bf6 33. Bh6 Rc7 34. Rg3
Rff7 35. Bxf7+ Rxf7 36. Qe2 Qb6 37. h3 Bh4 38. Be3 Qc6 39. Rg4 Bd8 40. Bh6 Bb6
41. R1g3 d5 42. Be3 d4 43. Bg5 Ba5 44. Rg1 Bc3 45. Qd3 Bb2 46. Qg3 Nf6 47. Bxf6
Qxf6 48. Qf3 Bc3 49. h4 Bd2 50. h5 Be3 51. Rd1 Rf8 52. Qg2 Rd8 53. Qh2 Rd6 54.
h6 Bxh6 55. Rd3 Bf4 56. Qe2 Qh6 57. Qg2 Be3 58. Rd1 d3 59. Rg3 d2 60. Qf3 Bf4
61. Rh3 Qf6 62. Qh5 h6 63. Rhh1 Rd8 64. Qe2 Qb6 65. Rhg1 Qd4 66. Rxg7+ Kh8 67.
Rxd2 Bxd2 68. Qxd2 Qxd2 69. Rg8+ Kxg8 70. f6 Qd1# {Hossa checkmated} 0-1

[Event "ICS rated blitz match"]
[Site "204.178.125.65"]
[Date "2001.07.11"]
[Round "?"]
[White "Hossa"]
[Black "Maup"]
[Result "1-0"]
[WhiteElo "2562"]
[BlackElo "2116"]
[PlyCount "167"]
[EventDate "2001.??.??"]

1. e4 d6 2. d4 e6 3. Nc3 Ne7 4. Nf3 a6 5. Bg5 Nd7 6. Bd3 h6 7. Be3 b6 8. O-O g6
9. Qd2 Bg7 10. Ne2 Bb7 11. c4 c5 12. d5 e5 13. Ng3 Rb8 14. Bc2 Ba8 15. Rfc1 Qc7
16. Re1 Qd8 17. Rac1 Qc7 18. Rb1 Qd8 19. b3 Qc7 20. a3 b5 21. a4 b4 22. Bd3 a5
23. Ra1 Bb7 24. Rf1 Bc8 25. Ne2 Qd8 26. Qc2 Qc7 27. Ng3 Qd8 28. Qe2 Qc7 29. Ra2
Qd8 30. Rb2 Qc7 31. Qd2 Qd8 32. Rc1 Qc7 33. Ne1 Qd8 34. Nc2 Qc7 35. Be2 Qd8 36.
Re1 Rb7 37. Rbb1 Rb8 38. Rf1 Rb7 39. Rbc1 Rb8 40. Bf3 Rb7 41. Ra1 Ra7 42. Be2
Rc7 43. Rac1 Ra7 44. Rcd1 Rb7 45. f4 exf4 46. Bxf4 Ne5 47. Rf2 Ng8 48. Rdf1 Re7
49. Qe3 Qd7 50. Ne1 Qd8 51. Nd3 Nxd3 52. Qxd3 h5 53. Bf3 Nh6 54. Bg5 Ng8 55.
Bxe7 Nxe7 56. Ra2 O-O 57. Qd2 Bd7 58. Qf4 Nc8 59. Ne2 Qe7 60. Rc2 Qe5 61. Qh4
Bf6 62. Qf2 Bg7 63. Nc1 Bf6 64. Nd3 Qd4 65. Rd2 Qxf2+ 66. Nxf2 Bd4 67. g3 Bc3
68. Rc2 Bg7 69. Kg2 Ne7 70. g4 h4 71. g5 Nc8 72. Bg4 Bxg4 73. Nxg4 Ne7 74. Kh3
Kh7 75. Rcf2 Kg8 76. Kxh4 Nc8 77. Nh6+ Bxh6 78. gxh6 Ne7 79. h7+ Kg7 80. Rxf7+
Kh6 81. Rxf8 g5+ 82. Kg4 Ng6 83. R1f7 Nf4 84. h8=Q+ {Maup resigns} 1-0

[Event "ICS rated blitz match"]
[Site "204.178.125.65"]
[Date "2001.07.11"]
[Round "?"]
[White "Maup"]
[Black "Hossa"]
[Result "0-1"]
[WhiteElo "2114"]
[BlackElo "2564"]
[PlyCount "42"]
[EventDate "2001.??.??"]

1. d3 d5 2. e3 e5 3. Nd2 Nf6 4. Ne2 Nc6 5. h3 Bd6 6. a3 O-O 7. b3 a5 8. Bb2 a4
9. b4 Bd7 10. g3 Bf5 11. Bg2 Qe7 12. Rc1 Qd7 13. Rb1 Rfe8 14. Rc1 Rab8 15. Rb1
Ne7 16. d4 Ng6 17. c3 Bxb1 18. Qxb1 e4 19. O-O b5 20. Kh2 Nh4 21. Nf4 g5 {
Maup resigns} 0-1

[Event "ICS rated blitz match"]
[Site "204.178.125.65"]
[Date "2001.07.11"]
[Round "?"]
[White "Hossa"]
[Black "Maup"]
[Result "1-0"]
[WhiteElo "2566"]
[BlackElo "2112"]
[PlyCount "39"]
[EventDate "2001.??.??"]

1. d4 d6 2. g3 e6 3. Nf3 Nd7 4. Bg2 Ne7 5. Nc3 h6 6. O-O a6 7. e4 b6 8. a4 Bb7
9. Be3 g6 10. a5 b5 11. d5 e5 12. Ne1 Bg7 13. Qd2 Rb8 14. Bf3 Bc8 15. Nd3 Kf8
16. Bg2 Kg8 17. f4 f6 18. fxe5 dxe5 19. Nb4 Kh7 20. Nc6 {Maup resigns} 1-0

[Event "ICS Rated standard match"]
[Site "204.178.125.65"]
[Date "2001.07.11"]
[Round "?"]
[White "Hossa"]
[Black "Guitje"]
[Result "1-0"]
[WhiteElo "2365"]
[BlackElo "2146"]
[PlyCount "30"]
[EventDate "2001.??.??"]

1. e4 e6 2. d4 d5 3. Nc3 Bb4 4. e5 c5 5. Bd2 Nc6 6. Qg4 Kf8 7. dxc5 Bxc5 8. Nf3
Nge7 9. Na4 Bb6 10. Bc3 Bd7 11. Nxb6 Qxb6 12. Be2 a6 13. O-O Rc8 14. Rab1 Na5
15. Qf4 Ng6 {Guitje resigns} 1-0

[Event "ICS Rated standard match"]
[Site "204.178.125.65"]
[Date "2001.07.11"]
[Round "?"]
[White "Guitje"]
[Black "Hossa"]
[Result "0-1"]
[WhiteElo "2139"]
[BlackElo "2372"]
[PlyCount "68"]
[EventDate "2001.??.??"]

1. d4 e6 2. e3 d5 3. c3 c6 4. Bd3 Nf6 5. Nd2 Bd6 6. f4 b6 7. Qe2 a5 8. Ngf3 Ba6
9. O-O Bxd3 10. Qxd3 O-O 11. g3 Nbd7 12. Rf2 Ng4 13. Rg2 f5 14. h3 Ngf6 15. g4
Ne4 16. g5 Qe8 17. Qe2 Qh5 18. Kh2 b5 19. Nxe4 fxe4 20. Ng1 Qg6 21. Bd2 Nb6 22.
b3 a4 23. b4 Nc4 24. a3 h6 25. h4 Nxd2 26. Qxd2 Qh5 27. Kh3 hxg5 28. Rxg5 Qh7
29. Qg2 Rf6 30. Ne2 Rh6 31. Rg4 Be7 32. Qg3 Kf7 33. Rg1 Bf6 34. Rg5 Rh8 {
Guitje resigns} 0-1

[Event "ICS rated standard match"]
[Site "204.178.125.65"]
[Date "2001.07.11"]
[Round "?"]
[White "Hossa"]
[Black "Guitje"]
[Result "1-0"]
[WhiteElo "2379"]
[BlackElo "2132"]
[PlyCount "48"]
[EventDate "2001.??.??"]

1. d4 d5 2. c4 e6 3. Nc3 f5 4. Nf3 Nf6 5. cxd5 exd5 6. Bg5 c6 7. e3 Be7 8. Bd3
Ne4 9. Bxe7 Qxe7 10. Qc2 O-O 11. O-O-O Nd7 12. h4 Ndf6 13. Ne5 Nd7 14. Nxd7
Bxd7 15. g4 Nxc3 16. bxc3 Qf6 17. Kb1 b5 18. Rdg1 Kh8 19. Rh2 a5 20. Rhg2 g6
21. h5 fxg4 22. hxg6 hxg6 23. Bxg6 Kg7 24. Rxg4 Bxg4 {Guitje resigns} 1-0

[Event "ICS Rated standard match"]
[Site "204.178.125.65"]
[Date "2001.07.11"]
[Round "?"]
[White "Guitje"]
[Black "Hossa"]
[Result "0-1"]
[WhiteElo "2126"]
[BlackElo "2385"]
[PlyCount "122"]
[EventDate "2001.??.??"]

1. e4 e5 2. Nf3 Nf6 3. Nxe5 d6 4. Nf3 Nxe4 5. Qe2 Qe7 6. d3 Nf6 7. Qxe7+ Bxe7
8. d4 O-O 9. Bd3 Bg4 10. Nbd2 Nc6 11. c3 Nd5 12. O-O Nf4 13. Bb5 a6 14. Bxc6
bxc6 15. Nc4 Ne2+ 16. Kh1 Bxf3 17. gxf3 Nxc1 18. Raxc1 Rfe8 19. Rfe1 Rab8 20.
Rc2 Bg5 21. Rce2 Rxe2 22. Rxe2 f5 23. Kg2 Kf7 24. h3 Re8 25. Rxe8 Kxe8 26. Ne3
g6 27. Nd1 Bc1 28. Kf1 Kf7 29. b3 Kf6 30. Kg2 g5 31. Kf1 Ba3 32. Ke2 f4 33. Kf1
c5 34. dxc5 Bxc5 35. Ke2 Ba3 36. Kf1 d5 37. Ke2 c5 38. Kd3 Kg6 39. Ke2 Kh5 40.
Kf1 Kh4 41. Kg2 d4 42. c4 d3 43. Kh2 Kh5 44. Kg2 h6 45. Nc3 Bb4 46. Nd1 d2 47.
Kf1 Kh4 48. Kg2 Ba3 49. Kh2 Kh5 50. Kg2 a5 51. Kf1 Kh4 52. Kg2 h5 53. Nc3 Bb2
54. Nd1 Be5 55. Kh2 g4 56. hxg4 hxg4 57. Kg2 g3 58. fxg3+ fxg3 59. Ne3 Kg5 60.
Kf1 Kf4 61. Ke2 d1=Q+ {Guitje resigns} 0-1

[Event "ICS rated blitz match"]
[Site "204.178.125.65"]
[Date "2001.07.11"]
[Round "?"]
[White "ChesterX"]
[Black "Hossa"]
[Result "1-0"]
[WhiteElo "2804"]
[BlackElo "2568"]
[PlyCount "86"]
[EventDate "2001.??.??"]

1. e4 e5 2. Nf3 Nf6 3. Nxe5 d6 4. Nxf7 Kxf7 5. d4 c6 6. Nc3 b5 7. Bd3 b4 8. Ne2
Nbd7 9. O-O Nb6 10. e5 Nfd5 11. Nf4 Nxf4 12. Bxf4 Be6 13. Qf3 Bd5 14. Qh3 g6
15. Qg3 dxe5 16. Bxe5 Bg7 17. f4 Bf6 18. f5 g5 19. a3 bxa3 20. Rxa3 h5 21. Rfa1
Rf8 22. b3 Kg8 23. c4 Bf7 24. Rxa7 Bxe5 25. Qxe5 Rxa7 26. Rxa7 Re8 27. Qc5 Nc8
28. Ra6 Re1+ 29. Kf2 Qe8 30. d5 Rh1 31. Qe3 cxd5 32. Qxg5+ Kf8 33. Qh6+ Kg8 34.
Be2 Qe4 35. Qg5+ Kf8 36. Qd8+ Be8 37. Qf6+ Kg8 38. Qg5+ Kf8 39. Rf6+ Ke7 40.
Re6+ Kd7 41. Rxe4 dxe4 42. Qg7+ Kc6 43. Qe5 Kd7 {Hossa resigns} 1-0